Geography Quiz

Random Geography or City Quiz

Between 2 Other Cities (US) Quiz Stats

 Plays Quiz Updated Nov 29, 2018

     
Support Sporcle.
Go Orange.
Score 0/20 Timer 05:00
9 Plays Today
Route City % Correct
I-5 between Los Angeles and SeattlePortland
87.9%
I-95 between New York and MiamiPhiladelphia
60%
I-70 between Baltimore and IndianapolisColumbus
49.3%
I-90 between Seattle and BostonChicago
48.2%
I-80 between Chicago and CheyenneOmaha
46.2%
I-15 between Las Vegas and Canadian border (Sunburst, MT)Salt Lake City
45.7%
I-94 between Milwaukee and St. PaulMadison
45.6%
I-10 between San Antonio and PhoenixEl Paso
44.7%
I-65 between Nashville and IndianapolisLouisville
43.4%
I-75 between Tampa and Mackinac Bridge (Mackinaw City, MI)Detroit
42.8%
Route City % Correct
I-35 between Kansas City and MinneapolisDes Moines
40%
I-29 between Sioux Falls and Canadian border (Pembina, ND)Fargo
39%
I-77 between Columbia, SC and Charleston, WVCharlotte
36.6%
I-20 between Dallas and AtlantaBirmingham
35.7%
I-44 between Oklahoma City and St. LouisTulsa
34.6%
I-25 between Las Cruces and DenverAlbuquerque
27.5%
I-55 between Joliet and MemphisSt. Louis
27.1%
I-85 between Montgomery and SpartanburgAtlanta
26.5%
I-40 between Winston-Salem and FlagstaffNashville
24.8%
I-64 between Louisville and RichmondLexington
21.6%

From the Vault

Henrys Who Changed the US

by DesertSpartan

History 5m
Time to focus on Henry's for a change.
Remove Ads.
Support Sporcle.
Get the best of Sporcle when you Go Orange. This ad-free experience offers more features, more stats, and more fun while also helping to support Sporcle. Thank you for becoming a member.

Show Comments

Extras

Top Quizzes Today


Score Distribution

Your Account Isn't Verified!

In order to create a playlist on Sporcle, you need to verify the email address you used during registration. Go to your Sporcle Settings to finish the process.

Report this User

Report this user for behavior that violates our Community Guidelines.

Details: